000 05461cam a22018134i 4500
003 PE-LiUPU
005 20250813165527.0
008 180712s2016 sp a r 000 0 spa d
020 _a9788428396905
035 _a(Sirsi) a249235
040 _aPE-LiUPU
_bspa
_cPE-LiUPU
_erda
049 _aPRUA
082 0 4 _a696.1
_bN56
_220
100 1 _aNieto Palomo, Jesús,
_d1951- ,
_eautor.
245 1 0 _aInstalación y mantenimiento de aparatos sanitarios de uso doméstico :
_bUF0411 /
_cJesús Nieto Palomo.
264 1 _aMadrid :
_bParaninfo,
_c2016.
300 _axv, 152 páginas :
_bilustraciones ;
_c24 centímetros
336 _atext
_2rdacontent
337 _aunmediated
_2rdamedia
338 _avolume
_2rdacarrier
505 0 _aFundamentos para la instalación de aparatos sanitarios -- Operaciones matemáticas básicas -- Cálculo de variables geométricas -- Manejo y realización de planos, croquis y escalas -- Proyecciones -- Simbología -- Metrología, herramientas de medida -- Tipos de aparatos sanitarios y griferías -- Caudal de diseño y presión residual necesarios en aparatos sanitarios -- Aparatos sanitarios -- Griferías -- Elementos de regulación y control -- Acopio y preparación de aparatos sanitarios -- Preparación de herramientas y manuales de utilización -- Manejo de herramientas específicas y técnicas operativas -- Recepción e inventariado de aparatos sanitarios -- Almacenaje y mantenimiento de aparatos sanitarios -- Montaje de aparatos sanitarios y griferías -- Soporte y fijación de aparatos sanitarios -- Montaje de aparatos sanitarios en cocinas y cuartos de baño -- Montaje de griferías -- Operaciones finales de instalación de aparatos sanitarios -- Comprobación de recepción de agua en los aparatos y griferías -- Comprobación de estanqueidad y desaguado en los aparatos y griferías -- Comprobación de la calidad de la fijación y el montaje de aparatos y griferías -- Mantenimiento de aparatos sanitarios -- Reparación de griferías y cisternas -- Limpieza de filtros -- Desatranco de aparatos sanitarios y desagües.
526 _aP203
526 _aP200
526 _aSEG65
526 _aSEG64
526 _aSEG63
526 _aSEG62
526 _aSEG61
526 _aSEG60
526 _aSEG59
526 _aSEG58
526 _aSEG57
526 _aSEG56
526 _aSEG55
526 _aSEG54
526 _aSEG53
526 _aSEG52
526 _aSEG51
526 _aSEG50
526 _aSEG49
526 _aSEG48
526 _aSEG47
526 _aSEG46
526 _aSEG24
526 _aSEG23
526 _aSEG22
526 _aSEG21
526 _aSEG20
526 _aSEG19
526 _aSEG18
526 _aSEG17
526 _aSEG16
526 _aSEG14
526 _aSEG13
526 _aSEG12
526 _aSEG11
526 _aSEG10
526 _aSEG09
526 _aSEG06
526 _aSEG05
526 _aSEG04
526 _aSEG03
526 _aSEG02
526 _aSEG68
526 _aSEG66
526 _aSEG45
526 _aSEG25
526 _aSEG01
526 _aP163
526 _aP162
526 _aP161
526 _aP160
526 _aP159
526 _aP158
526 _aP157
526 _aP156
526 _aP155
526 _aP154
526 _aP153
526 _aP152
526 _aP151
526 _aP150
526 _aP149
526 _aP142
526 _aP141
526 _aP140
526 _aP139
526 _aP138
526 _aP137
526 _aP132
526 _aP131
526 _aP130
526 _aP126
526 _aP125
526 _aP124
526 _aP123
526 _aP115
526 _aP122
526 _aP121
526 _aP116
526 _a P114
526 _aP112
526 _aP111
526 _aP104
526 _aP103
526 _aP102
526 _aP101
526 _aP100
526 _aP96
526 _aP95
526 _aP93
526 _aP92
526 _aP91
526 _aP88
526 _aP83
526 _aP82
526 _aP79
526 _aP78
526 _aP75
526 _aP74
526 _aP71
526 _aP69
526 _a P51
526 _aP49
526 _aP48
526 _aP47
526 _aP33
526 _aP31
526 _a P30
526 _aP29
526 _aP27
526 _aP26
526 _aP25
526 _aP24
526 _a P22
526 _aP10
526 _aP09
526 _a P08
526 _aP06
526 _aP05
526 _aP04
526 _aP01
541 _g001-0000120;
650 0 4 _aInstalaciones sanitarias.
650 0 4 _aFontanería.
650 0 7 _aPlomería
_xInstalaciones.
_2bidex
650 0 7 _aInstalaciones sanitarias.
_2qlsp
910 _adbm
_bcsm
_ccsm
_d20180712
942 _2ddc
_cBOOK
994 _aC0
_bPEPRU
596 _a1
999 _a696.1 N56
_wDEWEY
_c28817
_i79108
_d28817
_e2019-5-14
_f2021-11-9
_g4
_lCCODEBUL1
_mBUL
_n1
_p18.06
_q3
_r0
_sY
_tBOOK
_u2018-7-12
_xINGENIERIA
_PP25
_0COMPRA
_1FCOMPRA
_o.STAFF. Colección Ingeniería y Arquitectura
999 _a696.1 N56
_wDEWEY
_c2
_i79109
_d2018-11-15
_f2021-11-9
_g4
_lCCODEBUL1
_mBUL
_p18.06
_q1
_r0
_sY
_tBOOK
_u2018-7-12
_xINGENIERIA
_PP25
_0COMPRA
_1FCOMPRA
_o.STAFF. Colección Ingeniería y Arquitectura
980 _81
_gALBERTO SANCHEZ Responsable de Automatización